| 000 | 00768nam a2200229 a 4500 | ||
|---|---|---|---|
| 003 | MX-MxUPN | ||
| 005 | 20250109080807.0 | ||
| 008 | 991125s1914 xxu r 000 0 eng d | ||
| 035 | _aUPN01000001106 | ||
| 040 |
_aMX-MxUPN _bspa _cMX-MxUPN |
||
| 041 | 0 | _aeng | |
| 050 | 4 |
_aBF1156 P4 _bD8.2 |
|
| 100 | 1 |
_aDumont, Theron Q. _948862 |
|
| 245 | 1 | 4 | _aThe advanced course in personal magnetism the secrets of mental fascination |
| 260 |
_aChicago : _bAdvanced Thought, _c1914. |
||
| 300 | _a229 páginas | ||
| 650 | 4 |
_aMagnetismo animal _911665 |
|
| 650 | 4 |
_aSugestión mental _99299 |
|
| 700 | 1 |
_aLuna de Ibarra, Luz _epropietaria anterior _951389 |
|
| 710 | 2 |
_aInstituto Nacional de Investigación Educativa (México) _epropietario anterior _928086 |
|
| 942 |
_2lcc _cLIBRO |
||
| 999 |
_c1106 _d1106 |
||